Aaji radha brij main chalo : (Record no. 43573)

MARC details
000 -LEADER
fixed length control field 01238njm a22002537a 4500
005 - DATE AND TIME OF LATEST TRANSACTION
control field 20100903135211.0
006 - FIXED-LENGTH DATA ELEMENTS--ADDITIONAL MATERIAL CHARACTERISTICS--GENERAL INFORMATION
fixed length control field a|||||r|||||00| 0
007 - PHYSICAL DESCRIPTION FIXED FIELD--GENERAL INFORMATION
fixed length control field sd ammalaaahaa
008 - FIXED-LENGTH DATA ELEMENTS--GENERAL INFORMATION
fixed length control field 100903t xxu||||| |||| 00| 0 eng d
028 ## - PUBLISHER NUMBER
Publisher number N 88062
Source His Master's Voice
035 ## - SYSTEM CONTROL NUMBER
System control number GR-244
100 ## - MAIN ENTRY--PERSONAL NAME
Personal name Narayanrao Vyas
9 (RLIN) 18037
245 ## - TITLE STATEMENT
Title Aaji radha brij main chalo :
Statement of responsibility, etc by Narayanrao Vyas and Shankarrao Vyas
Medium [sound recording]
Remainder of title bhairavi kaharva /
246 ## - VARYING FORM OF TITLE
Title proper/short title अजि राधा बृज में चलो / नारायणराव व्यास और शंकरराव व्यास
260 ## - PUBLICATION, DISTRIBUTION, ETC. (IMPRINT)
Place of publication, distribution, etc Dum Dum, India
Name of publisher, distributor, etc His Master's Voice
300 ## - PHYSICAL DESCRIPTION
Extent 1 sound disc [Gramophone Recording]
Other physical details analog, 33 1/3rpm ;
Dimensions 9.5 in. (MP)
Type of unit Gramaphone Records
500 ## - GENERAL NOTE
General note Brief record
505 ## - FORMATTED CONTENTS NOTE
Formatted contents note Side-2 कहाँ के पथिक कहाँ-झिजोटी दादरा (भजन-तुलसीदास) (Kahaan ke pathik kahaan-jhijoti dadra (bhajan-tulsidas)) (Narayanrao Vyas)
650 ## - SUBJECT ADDED ENTRY--TOPICAL TERM
Topical term or geographic name as entry element Classical music
General subdivision Excerpts
Geographic subdivision India
9 (RLIN) 18040
700 ## - ADDED ENTRY--PERSONAL NAME
9 (RLIN) 18050
Personal name Vyas, Shankarrao
700 ## - ADDED ENTRY--PERSONAL NAME
Personal name Roy, Juthika
9 (RLIN) 18053
942 ## - ADDED ENTRY ELEMENTS (KOHA)
Source of classification or shelving scheme Dewey Decimal Classification
Item type Gramaphone Records
Holdings
Withdrawn status Lost status Source of classification or shelving scheme Damaged status Not for loan Collection code Home library Current library Date acquired Source of acquisition Total Checkouts Barcode Date last seen Copy number Price effective from Koha item type
    Dewey Decimal Classification   Not For Loan Non-fiction Central Library Central Library 03/09/2010 SED/VEN   GR-244 03/09/2010 1 03/09/2010 Gramaphone Records

© Delhi Public Library
Hit Counter
free hit counter